01147nam a2200193Ia 4500001001000000003001000010008004100020040002500061041001300086100003800099245005200137250001100189260005700200300002800257500026000285501011400545520026000659650003400919L235-7691IT-CnALBA170116s9999||||xx |||||||||||||| ||und|| aIT-CnALBAcIT-CnALBA aITALIANO aGRIGNON DE-MONTFORT LUIGI, SANTO. 0aTRATTATO DELLA VERA DEVOZIONE A MARIA VERGINE.  a1a ed. a LONDRAbCONSTABLE & CO., LTD. c1908 [1° Ed.:1908] a310 p. (prefazione: 13) aTRADUZIONE DAL FRANCESE DI CALLISTO BONICELLI. NOTIZIE SU S. LUIGI GRIGNION DA MONTFORT. DEVOZIONE A MARIA. MARIA NELLA STORIA DELLA SALVEZZA. VERA DEVOZIONE. DEVOTI. NATURA DELLA DEVOZIONE. MOTIVI DELLA CONSACRAZIONE. REBECCA E GIACOBBE TIPI DELLA VERA D aSocietà San Paolo EM - Piazza San Paolo, 14 - 12051 ALBA (CN) (non commercial uses only) ® Copyright 2017 aTRADUZIONE DAL FRANCESE DI CALLISTO BONICELLI. NOTIZIE SU S. LUIGI GRIGNION DA MONTFORT. DEVOZIONE A MARIA. MARIA NELLA STORIA DELLA SALVEZZA. VERA DEVOZIONE. DEVOTI. NATURA DELLA DEVOZIONE. MOTIVI DELLA CONSACRAZIONE. REBECCA E GIACOBBE TIPI DELLA VERA D aMARIA SS. ANGELI SANTI DEMONI